• 首页
  • 本馆介绍
  • 公告通知
  • 最新文献
  • 馆藏检索
  • 电子资源
  • 读者导购
  • 参考咨询
  • 我的图书馆
  • 登录
  • 详细信息显示
  • 放入我的书架
  • 预约/预借图书
  • 作者相关作品
  • 分类相关作品
  • 丛书相关作品
  • 出版社相关作品

书目信息

  • 表格格式
  • 工作单格式
  • 卡片格式
题名:
海洋结构金属腐蚀机理及防护
    
 
作者: 余杨 编著
分册:  
出版信息: 天津   天津大学出版社  2021.3
页数: 160页
开本: 26cm
丛书名:
单 册:
中图分类: P755.3
科图分类:
主题词: 海洋工程--金属结构--防腐
电子资源:
ISBN: 978-7-5618-6892-8
000 01002nam0 2200253 45
001 012001001382
005 20140913155433.0
010    @a978-7-5618-6892-8@dCNY45.00
100    @a20210617d2021 em y0chiy50 ea
101 0  @achi
102    @aCN@b120000
105    @aa z 000yy
106    @ar
200 1  @a海洋结构金属腐蚀机理及防护@Ahai yang jie gou jin shu fu shi ji li ji fang hu@b专著@f余杨[等]编著
210    @a天津@c天津大学出版社@d2021.3
215    @a160页@c图@d26cm
300    @a工业和信息化部、国家自然科学基金、国家重大工程攻关专项成果
304    @a编著者还有:王彩妹、余建星、吴世博5
330    @a本书应用金属电化学腐蚀基本原理探究金属结构腐蚀的基本形式及影响因素,探索金属腐蚀的防护措施和适用范围等,旨在通过对电化学腐蚀规律与其防护措施的实验研究以保证结构系统的安全可靠性,为金属材料防护的相关工作者提供参考。
606 0  @a海洋工程@x金属结构@x防腐
690    @aP755.3@v5
701  0 @a余杨@Ayu yang@4编著
801  0 @aCN@bBJSDL@c20211011
905    @b1334207-10@dP755.3@e125@f4
    
    海洋结构金属腐蚀机理及防护/余杨[等]编著.-天津:天津大学出版社,2021.3
    160页:图;26cm
    工业和信息化部、国家自然科学基金、国家重大工程攻关专项成果
    
    ISBN 978-7-5618-6892-8:CNY45.00
    本书应用金属电化学腐蚀基本原理探究金属结构腐蚀的基本形式及影响因素,探索金属腐蚀的防护措施和适用范围等,旨在通过对电化学腐蚀规律与其防护措施的实验研究以保证结构系统的安全可靠性,为金属材料防护的相关工作者提供参考。
●
相关链接 在E读中查询图书 在五车中查询图书 在当当中查询图书 在豆瓣中查询图书


正题名:海洋结构金属腐蚀机理及防护     索取号:P755.3/125         预约/预借

序号 登录号 条形码 馆藏地/架位号 状态 备注
1 1334207   213342079   第二样本阅览室/ [索取号:P755.3/125] 在馆    
2 1334208   213342088   第三借阅区/ [索取号:P755.3/125] 在馆    
3 1334209   213342097   第三借阅区/ [索取号:P755.3/125] 在馆    
4 1334210   213342104   第三借阅区/ [索取号:P755.3/125] 在馆    
唐山师范学院图书馆 欢迎您!
大连网信软件有限公司© 版权所有